[Event "EIWCC 2018"]
[Site "Vysoke Tatry"]
[Date "2018.04.11"]
[Round "4"]
[White "Koubova, Anna Marie"]
[Black "Azimova, Karina"]
[Result "0-1"]
[WhiteElo "1819"]
[BlackElo "2069"]
[Annotator "NA"]
[PlyCount "74"]
[EventDate "2018.??.??"]
[EventType "swiss"]
[EventCountry "SVK"]
[SourceTitle "playchess.com"]
[Source "ChessBase"]
[SourceQuality "1"]
[TimeControl "40/5400+30:1800+30"]

1. e4 {[%emt 0:00:00]} Nf6 {[%emt 0:02:23]} 2. e5 {[%emt 0:00:00]} Nd5 {[%emt 0:00:02]} 3. d4 {[%emt 0:00:12]} d6 {[%emt 0:00:02]} 4. c4 {[%emt 0:00:19]} Nb6 {[%emt 0:00:02]} 5. exd6 {[%emt 0:00:16]} exd6 {[%emt 0:01:42]} 6. Nc3 {[%emt 0:00:37]} Be7 {[%emt 0:05:30]} 7. Bd3 {[%emt 0:00:34]} Nc6 {[%emt 0:00:46]} 8. Nge2 {[%emt 0:01:51]} Bg4 {[%emt 0:03:13]} 9. Be3 {[%emt 0:02:08] B03: Alekhine's Defence: Four Pawns Attack} (9. f3 Bh4+ 10. g3 Bxf3 11. O-O Bxe2 12. Qxe2+ Be7 13. Qe4 Qd7 14. Nd5 Nxd5 15. cxd5 Nb4 16. Bb1 Qb5 17. Bg5 {1-0 (31) Volokitin,A (2649)-Bortnyk,O (2581) Doha 2016}) 9... Bf6 {[%emt 0:05:07]} 10. Qd2 {[%emt 0:06:29]} Nb4 {[%emt 0:03:56]} 11. O-O {[%emt 0:06:07]} Nxd3 {[%emt 0:02:29]} 12. Qxd3 {[%emt 0:00:10]} O-O {[%emt 0:00:31]} 13. b3 {[%emt 0:04:02]} Re8 {[%emt 0:04:48]} (13... Bxe2 $5 14. Nxe2 (14. Qxe2 c6 $11) 14... c6 $11) 14. h3 $146 {[%emt 0:01:41]} ({Find the theoretical novelty and annotate with similar games:} 14. Ng3 Kh8 15. h3 Bd7 16. a4 {1-0 (56) Heinz,T (2129)-Vasseur,P (2164) Belfort 2004}) 14... Bh5 {[%emt 0:02:08]} (14... Bxe2 $5 15. Nxe2 c6 $11) 15. Nf4 {[%emt 0:02:35]} Bg6 {[%emt 0:00:09]} 16. Nxg6 {[%emt 0:00:42]} hxg6 {[%emt 0:00:02]} 17. Rfe1 {[%emt 0:05:33]} a6 {[%emt 0:08:42]} 18. Re2 {[%emt 0:03:39]} d5 {[%emt 0:06:21]} 19. Rb1 {[%emt 0:12:33]} Qd7 {[%emt 0:08:28]} 20. c5 {[%emt 0:05:14]} Nc8 {[%emt 0:00:14]} 21. b4 $11 {[%emt 0:00:59]} Ne7 {[%emt 0:02:07]} 22. a4 {[%emt 0:03:01]} Nf5 {[%emt 0:05:31]} 23. Reb2 {[%emt 0:07:53]} Re7 {[%emt 0:03:07]} 24. b5 {[%emt 0:03:48]} a5 {[%emt 0:04:25]} 25. Re2 {[%emt 0:07:42]} Rae8 {[%emt 0:02:21]} 26. Rbe1 {[%emt 0:00:38]} b6 {[%emt 0:01:37]} 27. Rd1 {[%emt 0:07:02]} Rd8 {[%emt 0:06:41]} 28. Red2 {[%emt 0:04:20]} Qe8 {[%emt 0:02:04]} 29. cxb6 {[%emt 0:02:59]} cxb6 {[%emt 0:00:40]} 30. Re2 {[%emt 0:00:43]} Qd7 {[%emt 0:00:31]} 31. Rde1 {[%emt 0:02:19]} Qd6 {[%emt 0:02:46]} 32. Nb1 {[%emt 0:04:45]} Qb4 {[%emt 0:03:32]} 33. Nc3 {[%emt 0:04:04]} Qd6 {[%emt 0:03:12]} 34. Nb1 {[%emt 0:00:21]} Rc7 {[%emt 0:00:44]} 35. Nd2 {[%emt 0:01:12]} Qb4 {[%emt 0:01:24]} 36. Bf4 {[%emt 0:00:55]} Rcc8 {[%emt 0:02:31]} 37. Qb3 {[%emt 0:00:33]} Nxd4 {[%emt 0:01:48]} 0-1